Biggest Cities in United Arab Emirates on the Map - Statistics

General Stats
  • This quiz has been taken 373 times
  • The average score is 6 of 20
Answers on the Map
Answers color-coded by a green-red scale on the quiz's map according to % correct below.
 
Answer Stats
Pop City % Correct
3.38 m Dubai
100%
1.80 m Abu Dhabi
99%
1.40 m Sharjah
75%
846 k Al Ain
54%
115 k Ras Al Khaimah
45%
97.2 k Fujairah
44%
490 k Ajman
42%
61.6 k Umm Al Quwain
34%
39.1 k Khor Fakkan
16%
41.0 k Dibba Al Fujairah
14%
12.5 k Dibba Al Hisn
14%
13.2 k Hatta
13%
37.5 k Kalba
12%
25.0 k Ruwais
10%
31.6 k Jebel Ali
9%
20.1 k Dhaid
8%
29.0 k Madinat Zayed
8%
20.1 k Liwa Oasis
7%
13.0 k Al Rams
6%
14.0 k Ghayathi
5%
No matching quizzes found
Score Distribution
Percent of People with Each Score
Percentile by Number Answered
Your Score History
You have not taken this quiz